Paradojas matemáticas (Registro nro. 5024)

Detalles MARC
000 -LEADER
fixed length control field 00779nam a22002177a 4500
005 - DATE AND TIME OF LATEST TRANSACTION
control field 20260415082534.0
008 - FIXED-LENGTH DATA ELEMENTS--GENERAL INFORMATION
fixed length control field 260415b mx |||||||| |||| 00| 0 spa d
020 ## - INTERNATIONAL STANDARD BOOK NUMBER
International Standard Book Number 9681839250
050 04 - LIBRARY OF CONGRESS CALL NUMBER
Classification number QA95
Item number N67 1991
100 1# - MAIN ENTRY--PERSONAL NAME
Personal name Northrop, Eugene P.
240 10 - UNIFORM TITLE
Uniform title Riddles in mathematics
Language of a work español
245 10 - TITLE STATEMENT
Title Paradojas matemáticas
Statement of responsibility, etc / Eugene P. Northrop ; traducción Ricardo Ortiz Vázquez.
250 ## - EDITION STATEMENT
Edition statement 2a ed.
260 ## - PUBLICATION, DISTRIBUTION, ETC. (IMPRINT)
Place of publication, distribution, etc México :
Name of publisher, distributor, etc Limusa;
-- Unión Tipográfica Editorial Hispano-Americana,
Date of publication, distribution, etc 1991
300 ## - PHYSICAL DESCRIPTION
Extent xi, 355 p. :
Other physical details il. ;
Dimensions 17 cm.
490 0# - SERIES STATEMENT
Series statement Ciencias Matemáticas ;
-- Manual UTEHA ;
Volume number/sequential designation 18
504 ## - BIBLIOGRAPHY, ETC. NOTE
Bibliography, etc Bibliografía : p. 337-348 e índice
650 #7 - SUBJECT ADDED ENTRY--TOPICAL TERM
Source of heading or term lemb
Topical term or geographic name as entry element Matemáticas recreativas
700 1# - ADDED ENTRY--PERSONAL NAME
Personal name Ortíz Vázquez, Ricardo,
Relator term traductor
942 ## - ADDED ENTRY ELEMENTS (KOHA)
Source of classification or shelving scheme Biblioteca del Cogreso de los Estados Unidos
Koha item type Libro
Existencias
Estado de pérdida Fuente de clasificación Estado del daño No para préstamo Ubicación permanente Ubicación actual Apartado o colección Fecha de adquisición Fuente de adquisición Clasificación Código de Barras Date last seen Número de copia Tipo de recurso Nota pública Edición Área del conocimiento Total Checkouts Costo por reposición
  Biblioteca del Cogreso de los Estados Unidos     Biblioteca de la Facultad de Físico Matemáticas Biblioteca de la Facultad de Físico Matemáticas General 13/01/2011   QA95 N67 r2002 C:1 5a. reimpr FFM000003233 13/01/2011 C:1 Libro Solo para lectura        
  Biblioteca del Cogreso de los Estados Unidos     Biblioteca de la Facultad de Ingeniería Civil Biblioteca de la Facultad de Ingeniería Civil General 15/04/2026   QA95 N67 1991 BIC000003421 15/04/2026 1 Libro   2a ed. Ciencias Naturales y Exactas   1.00
  Biblioteca del Cogreso de los Estados Unidos     Biblioteca del Instituto de Investigación en Metalurgia y Materiales Biblioteca del Instituto de Investigación en Metalurgia y Materiales General 24/09/2024   QA95 N67 1991 BIIM000001566 24/09/2024 1 Libro   2a ed. Ciencias Naturales y Exactas   1.00